| 000 | 01018nam a2200181Ia 4500 | ||
|---|---|---|---|
| 008 | 151202s9999||||xx |||||||||||||| ||und|| | ||
| 082 | _bPNVM-48480 | ||
| 100 | _aगवळी हनुमंत. | ||
| 245 | _a"तीन संशोधक - अल्बर्ट आइन्स्टाईन, डॉ. सी. व्ही. रामन, मादाम मेरी क्यूरी." | ||
| 260 | _b"विवेकानंद प्रकाशन, पुणे." | ||
| 260 | _c1996 | ||
| 300 | _a30 | ||
| 600 | _aगवळी हनुमंत. | ||
| 630 | _a"तीन संशोधक - अल्बर्ट आइन्स्टाईन, डॉ. सी. व्ही. रामन, मादाम मेरी क्यूरी." | ||
| 700 | _aगवळी हनुमंत. | ||
| 730 | _a"तीन संशोधक - अल्बर्ट आइन्स्टाईन, डॉ. सी. व्ही. रामन, मादाम मेरी क्यूरी." | ||
| 942 | _cBOOK | ||
| 999 |
_c1314426 _d1314423 |
||